00750 a2200193 4500003000400000005001700004008004100021020001800062040000900080082001500089100002600104245006900130260003300199300000900232942003600241952013100277952013100408999001700539OSt20240110120042.0240110b |||||||| |||| 00| 0 eng d a9789382581703 coclc a297bSAL/I aSaleem, Mishal910249 aIndiayodu Yudham cheyyan Nabi kalppichuvo ? /cDr. Mishal Saleem aKerala:bDa'wa books,c2021. a147p 2ddccBKh297iSAL/Ik297mSAL/I 00102ddc40708ISLAMaMESbMEScISLd2024-01-10l0o297 SAL/Ip44637r2024-01-10 12:01:14t2v120.00w2024-01-10yBKzGL49R2 00102ddc40708ISLAMaMESbMEScISLd2024-01-10l0o297 SAL/Ip44636r2024-01-10 12:01:14t1v120.00w2024-01-10yBKzGL49R2 c43086d43086